Services marketing (Record no. 178509)

MARC details
000 -LEADER
fixed length control field 00347nam a2200145Ia 4500
008 - FIXED-LENGTH DATA ELEMENTS--GENERAL INFORMATION
fixed length control field 230917s9999||||xx |||||||||||||| ||und||
040 ## - CATALOGING SOURCE
-- 217749
Original cataloging agency VIVEKANANDA LIBRARY
041 ## - Language
-- English
082 ## - DDC NUMBER
Classification number 658.8 B18S
100 ## - MAIN ENTRY--PERSONAL NAME
Personal name Balachandran, S
245 #0 - TITLE STATEMENT
Title Services marketing
260 ## - PUBLICATION, DISTRIBUTION, ETC. (IMPRINT)
Place of publication, distribution, etc Mumbai
Name of publisher, distributor, etc Shroff Publishers
Date of publication, distribution, etc 2011
300 ## - PHYSICAL DESCRIPTION
Pages 432 p.
942 ## - ADDED ENTRY ELEMENTS (KOHA)
Koha item type Books
Holdings
Withdrawn status Lost status Damaged status Not for loan Location (home branch) Sublocation or collection (holding branch) Shelving location Date acquired Koha issues (times borrowed) Koha full call number Accession No. Koha date last seen Koha item type
        VIVEKANANDA LIBRARY VIVEKANANDA LIBRARY IMSAR Library 30/06/2014   658.8 B18S 340885 17/09/2023 Books
© Designed and Maintained by Vivekananda Library, MDU Rohtak